000 00712nam a2200205 a 4500
005 20250405063830.0
008 991125 1989 mx 000 0 spa u
020 _a9681626206
035 _aUPN01000027824
049 _aCG
050 4 _aJF1341
_bG5.38
100 1 _aGladden, E. N.
245 1 4 _aUna historia de la administración pública /
_cE. N. Gladden ; tr. Fernanda Meraz.
260 _aMéxico :
_bINAP :
_bFCE,
_c1989.
300 _a2 v.
440 0 _aSección de obras de administración pública
505 8 _aContenido:
_gv.1.
_tDesde los primeros tiempos hasta el siglo XI --
_gv.2.
_tDesde el siglo XI hasta nuestros días
650 4 _aAdministración pública
_xHistoria
_9652
905 _aLibro
999 _c27824
_d27824